000 00453nam a22001691a 4500
001 6311
003 OSt
005 20260204212047.0
008 060325s1977||||sp ||||||b||||||||||spa||
050 _a330.122 A54c
100 _aAmin, Samir
245 _aComo funciona el capitalismo: el intercambio desigual y la ley del valor / Samir Amin
264 _aEspaña : Siglo XXI
300 _a141 p
650 _a1.Capitalismo 2.EconomíaÌ
942 _2ddc
_cBK
999 _c6311
_d6311